| Tag |
First Indicator |
Second Indicator |
Subfields |
| LEADER |
00000nam a2200000Ia 4500 |
| 001 |
in00004338713 |
| 005 |
20200812094445.0 |
| 006 |
m g d |
| 007 |
cr bn |||a|bb| |
| 008 |
101202s1689 stk o 000 0 eng d |
| 040 |
|
|
|a UMI
|c UMI
|e dcrb
|
| 035 |
|
|
|a (OCoLC)688634721
|
| 037 |
|
|
|a CL0037000135
|b ProQuest, 789 E. Eisenhower Parkway, Ann Arbor, MI 48108-3218
|
| 043 |
|
|
|a e-uk---
|
| 090 |
|
|
|a KD4210.A3
|b 1689
|
| 049 |
|
|
|a UMIA
|
| 110 |
1 |
|
|a England and Wales.
|b Parliament.
|
| 245 |
1 |
0 |
|a Anno regni Willielmi et Mariae regis & reginae Angliae, Franciae & Hiberniae, primo. :
|b On the twenty third day of February, anno Dom. 1688. In the first year of Their Majesties reign, this act passed the royal assent.
|
| 246 |
1 |
|
|i Caption title from p. 2:
|a Anno primo Willielmi & Mariae. Act for removing and preventing all questions and disputes concerning the assembling and sitting of this present Parliament
|
| 260 |
|
|
|a London :
|b Printed by Charles Bill and Thomas Newcomb ;
|a and re-printed at Edinburgh :
|b [publisher not identified],
|c Anno Dom. 1689.
|
| 300 |
|
|
|a 1 online resource (4 pages)
|
| 336 |
|
|
|a text
|b txt
|2 rdacontent
|
| 337 |
|
|
|a computer
|b c
|2 rdamedia
|
| 338 |
|
|
|a online resource
|b cr
|2 rdacarrier
|
| 500 |
|
|
|a Title vignette: crown.
|
| 500 |
|
|
|a Reproduction of original in: Columbia University. Rare Book and Manuscript Library.
|
| 510 |
4 |
|
|a Wing (2nd edition)
|c E1062B
|
| 533 |
|
|
|a Electronic reproduction.
|b Ann Arbor, Mich. :
|c UMI,
|d 1999-
|f (Early English books online)
|n Digital version of: (Early English Books, 1641-1700 ; 2993:9)
|7 s1999 miun s
|
| 610 |
2 |
0 |
|a England and Wales.
|b Parliament
|v Early works to 1800.
|
| 651 |
|
0 |
|a Great Britain
|x Politics and government
|y 1689-1702
|v Early works to 1800.
|
| 710 |
1 |
2 |
|a England and Wales.
|t Act for removing and preventing all questions and disputes concerning the assembling and sitting of this present Parliament.
|
| 830 |
|
0 |
|a Early English books online.
|
| 856 |
4 |
0 |
|u http://proxy.library.tamu.edu/login?url=https://search.proquest.com/docview/2248530932
|z Connect to the full text of this electronic book
|t 0
|
| 994 |
|
|
|a 02
|b UMI
|
| 999 |
f |
f |
|s bb5fff47-a723-33f4-b721-25826615f08e
|i 37454a9d-a436-3958-9d73-619a6c7514ac
|t 0
|
| 952 |
f |
f |
|a Texas A&M University
|b College Station
|c Electronic Resources
|d Available Online
|t 0
|e KD4210.A3 1689
|h Library of Congress classification
|
| 998 |
f |
f |
|a KD4210.A3 1689
|t 0
|l Available Online
|